The speaking ghost of Rajpur / (Record no. 96519)

MARC details
000 -LEADER
fixed length control field 00504nam a22001817a 4500
005 - DATE AND TIME OF LATEST TRANSACTION
control field 20150915124312.0
010 ## - LCCN (DPL NO)
LC control number ENG-113942
020 ## - INTERNATIONAL STANDARD BOOK NUMBER
Terms of availability 400.00
International Standard Book Number 9789350450819
035 ## - SYSTEM CONTROL NUMBER
System control number EN-97474
037 ## - SOURCE OF ACQUISITION
Source of stock number/acquisition DBAD/PUB
Stock number dpl
082 ## - DEWEY DECIMAL CLASSIFICATION NUMBER
Classification number N
100 ## - MAIN ENTRY--PERSONAL NAME
Personal name Dasgupta, Priyonkar
245 ## - TITLE STATEMENT
Title The speaking ghost of Rajpur /
Statement of responsibility, etc by Priyonkar Dasgupta
260 ## - PUBLICATION, DISTRIBUTION, ETC. (IMPRINT)
Place of publication, distribution, etc Calcutta
Name of publisher, distributor, etc Writers Workshop
Date of publication, distribution, etc 2014
270 ## - ADDRESS
Address 162/92, Lake Gardens,
City Calcutta
Postal code 700045
300 ## - PHYSICAL DESCRIPTION
Extent 312p.
Dimensions 22cm(Hb)
942 ## - ADDED ENTRY ELEMENTS (KOHA)
Source of classification or shelving scheme Dewey Decimal Classification
Item type English Books
Call number suffix DAS
Classification part N
Holdings
Withdrawn status Lost status Not for loan Collection code Home library Current library Date acquired Source of acquisition Cost, normal purchase price Full call number Barcode Copy number Cost, replacement price Koha item type
    Not For Loan Fiction D.B.Act.Division D.B.Act.Division 27/08/2015 DBAD/PUB 400.00 N DAS EN-97474 1 400.00 English Books

© Delhi Public Library
Hit Counter
free hit counter